| 000 | 00602nam a22001697a 4500 | ||
|---|---|---|---|
| 003 | NUST | ||
| 082 |
_a621.312 _bSAR |
||
| 100 |
_aSarfraz, Lubna (362698) _9123192 |
||
| 245 | _aSuperior Electrochemical Performance of Doped Anatase Ti0.98M0.02O2 (M=Zr, La, Y) Materials Integrated with Activated Carbon and Carbon Nanotubes for Hybrid Supercapacitor Electrode Material / | ||
| 264 |
_aIslamabad : _bUSPCAS-E, NUST _cMay, 2024. |
||
| 300 |
_axvi, 80 p. _e+CD |
||
| 520 | _aTH-569 | ||
| 650 | _aMS ESE Thesis | ||
| 650 |
_aMS Thesis _918721 |
||
| 700 | _aSupervisor: Dr. Ghulam Ali | ||
| 942 |
_2ddc _cTHE |
||
| 999 |
_c609466 _d609466 |
||